| 000 | 00993nam a2200277Ia 4500 | ||
|---|---|---|---|
| 999 |
_c54297 _d54297 |
||
| 001 | 21353 | ||
| 003 | GE_BSU | ||
| 005 | 20211028174757.0 | ||
| 008 | 181216s2015||||ru |||||||||||||| ||rus|| | ||
| 020 | _a9785756707601 | ||
| 040 | _cGE_BSU | ||
| 041 | _arus | ||
| 080 | _a327 Д-46 | ||
| 245 |
_aДипломатическая служба : _bУчебное пособие / _cПод ред. А. В. Торкунова и А. Н. Панова. |
||
| 264 |
_aМосква : _bАспект-Пресс, _c2015. |
||
| 300 |
_a349 стр. ; _c22 см. |
||
| 500 | _aБиблиогр. стр. 348-350 | ||
| 541 | _h48 Л. | ||
| 653 | _aДипломатическая служба | ||
| 653 | _aПолитика | ||
| 653 | _aპოლიტიკა | ||
| 700 |
_aТоркунова, А. В. _eредактор _912754 |
||
| 700 |
_aПанова, А. Н. _dредактор _912755 |
||
| 710 |
_aМосковский гос. ин-т междунар. отнош. _912464 |
||
| 942 |
_cBK _2udc |
||